Unkept promises unclear consequences

Đã lưu trong:
書目詳細資料
主要作者: Sato, Ryuzo
格式: 圖書
語言:Undetermined
出版: Cambridge Cambridge University Press 1988
主題:
標簽: 添加標簽
沒有標簽, 成為第一個標記此記錄!
Thư viện lưu trữ: Trung tâm Học liệu Trường Đại học Cần Thơ
LEADER 00489nam a2200181Ia 4500
001 CTU_78827
008 210402s9999 xx 000 0 und d
082 |a 338.973 
082 |b S253 
100 |a Sato, Ryuzo 
245 0 |a Unkept promises unclear consequences 
245 0 |c Ryuzo Sato 
260 |a Cambridge 
260 |b Cambridge University Press 
260 |c 1988 
650 |a Economic policy 
650 |z United States 
980 |a Trung tâm Học liệu Trường Đại học Cần Thơ